000
00291nam a22000977a 4500
008
220523b ||||| |||| 00| 0 eng d
100
_a
Spink Shreves Galleries
245
_a
Westchester Collection - US Mint Stamps (2008)
260
_a
New Yokr
_b
Spink Shreves Galleries
650
_a
US Stamps| Mint
999
_c
3390
_d
3390